Knowledge generation and protection : intellectual property, innovation and economic development /

Bibliographic Details
Corporate Author: SpringerLink (Online service)
Other Authors: Martínez Piva, Jorge Mario
Format: eBook
Language:English
Published: New York ; London : Springer, 2009.
Subjects:
Online Access:Connect to the full text of this electronic book

MARC

Tag First Indicator Second Indicator Subfields
LEADER 00000cam a2200000Ia 4500
001 in00002575889
005 20210727154758.0
006 m d
007 cr cn|
008 100323s2009 nyua s 000 0 eng d
020 |a 1441912649 
020 |a 9781441912640 
035 |a (OCoLC)567139637 
035 |a (OCoLC)ocn567139637 
035 |a 3706786 
037 |a 978-1-4419-1263-3  |b Springer  |n http://www.springerlink.com 
040 |a GW5XE  |b eng  |c GW5XE  |d UtOrBLW 
043 |a d------ 
049 |a TXAC 
050 1 4 |a HC59.72.T4  |b K5613 2009 
082 0 4 |a 338.064091724  |2 22 
245 0 0 |a Knowledge generation and protection :  |b intellectual property, innovation and economic development /  |c edited by Jorge Mario Martínez-Piva. 
264 1 |a New York ;  |a London :  |b Springer,  |c 2009. 
300 |a pages ;  |c cm. 
336 |a text  |b txt  |2 rdacontent 
337 |a computer  |b c  |2 rdamedia 
338 |a online resource  |b cr  |2 rdacarrier 
500 |a Electronic resource. 
533 |a Electronic reproduction.  |b New York :  |c Springer,  |d 2010.  |n Mode of access: World Wide Web.  |n System requirements: Web browser.  |n Title from title screen (viewed on Feb. 18, 2010).  |n Access may be restricted to users at subscribing institutions. 
650 0 |a Economic development  |z Developing countries.  |0 http://id.loc.gov/authorities/subjects/sh2009124572 
650 0 |a Intellectual property  |z Developing countries.  |0 http://id.loc.gov/authorities/subjects/sh2009127328 
650 0 |a Knowledge management  |z Developing countries. 
650 0 |a Technological innovations  |x Economic aspects  |z Developing countries.  |0 http://id.loc.gov/authorities/subjects/sh2009102986 
650 0 |a Technology transfer  |z Developing countries.  |0 http://id.loc.gov/authorities/subjects/sh2008112646 
651 0 |a Developing countries  |x Economic conditions.  |0 http://id.loc.gov/authorities/subjects/sh85037344 
655 7 |a Electronic books.  |2 local 
700 1 |a Martínez Piva, Jorge Mario.  |0 http://id.loc.gov/authorities/names/no2006135597 
710 2 |a SpringerLink (Online service)  |0 http://id.loc.gov/authorities/names/no2005046756 
776 1 |c Original  |z 9781441912633  |z 1441912630  |w (OCoLC)428029531 
856 4 0 |u http://proxy.library.tamu.edu/login?url=https://dx.doi.org/10.1007/978-1-4419-1264-0  |z Connect to the full text of this electronic book  |t 0 
994 |a 92  |b TXA 
999 |a MARS 
999 f f |s 5721071f-1864-316f-a056-081b68f7bad5  |i cf4a0d86-0c96-3007-b431-bb9c967e1b2a  |t 0 
952 f f |a Texas A&M University  |b College Station  |c Electronic Resources  |d Available Online  |t 0  |e HC59.72.T4 K5613 2009  |h Library of Congress classification 
998 f f |a HC59.72.T4 K5613 2009  |t 0  |l Available Online